000 01397nam a22004097a 4500
001 000103839
003 CHAP
005 20220329143702.0
008 110120s2010 mx a r 00010 spa d
010 _a100302
011 _a101274
020 _a978-607-12-0149-2 (Número 4)
020 _a9786071201485 (Colección Tlatemoa)
035 _a111961
040 _cCHAP
082 0 4 _a632.9
_bR66
100 0 0 _aRomero Rosales, Felipe.
_999662
245 1 0 _aManejo ecológico de patosistemas :
_blas bases, los conceptos y los fraudes (o manejo integrado de plagas, MIP) /
_c/por Felipe Romero Rosales.
260 _aChapingo, Méx. :
_bUACH.,
_c2010.
300 _a174 p. :
_bilus., cuadros, gráfs.
490 0 _aColección Tlatemoa
_v; 4
590 _aBATCH-UPD
_b10
_c20130110
_lUCH01
_h1418
590 _aBATCH-UPD
_b10
_c20130410
_lUCH01
_h0901
590 _aBATCH-UPD
_b10
_c20130914
_lUCH01
_h1006
590 _aCONVERSION
_b10
_c20130109
_lUCH01
_h1355
590 _aE5765TAJ
_b05
_c20161202
_lUCH01
_h1202
650 1 4 _aControl de plagas.
_927595
650 1 4 _aEcología agrícola.
_935165
650 1 4 _aEcología de insectos.
_935172
650 1 4 _aManejo integrado de plagas.
_970365
830 0 _aColección Tlatemoa
_v; 4
_925011
901 _aBK
911 _aen proceso
942 _cLIBRO
942 _n0
949 _a632.9 R66
_bBC
_cUACH
_d33724002233413
_eUACH
_h14064
_i111961
_sb
999 _c100302
_d100302